Team of the Tournament - Championnat d'Europe de football 2024 - Statistiques

Statistiques générales
  • Ce quiz a été pris 171 fois
  • Le résultat moyen est 9 sur 11
Statistiques - réponses
Position Nationalité Joueur % Correct
Gardien de but France Mike Maignan
97%
Attaquant Espagne Lamine Yamal
95%
Défenseur France William Saliba
89%
Attaquant Espagne Nico Williams
87%
Milieu de terrain Espagne Rodri
87%
Défenseur Angleterre Kyle Walker
82%
Milieu de terrain Espagne Dani Olmo
78%
Attaquant Allemagne Jamal Musiala
75%
Milieu de terrain Espagne Fabián Ruiz
73%
Défenseur Espagne Marc Cucurella
71%
Défenseur Suisse Manuel Akanji
67%
Aucun quiz correspondant
Distribution des résultats
% des personnes avec chaque résultat
Percentile par nombre de réponses
Votre historique - résultats
Vous n’avez pas pris ce quiz